000 00541nam a2200181Ia 4500
003 GCL
008 140319s9999 xx 000 0 ara d
040 _aGCL /
_cGCL
082 0 4 _a810.99565
_bف ح
100 1 _aفريد جحا
245 1 0 _aالحياة الفكرية فى حلب (فى القرن التاسع عشر) /
_cفريد جحا
300 _a174 ص
490 _a
650 0 4 _aحلب - تاريخ
650 0 4 _aحلب - الاحوال الثقافية
650 0 4 _aالادب العربى - سورية
942 _2ddc
_cBK
999 _c44341
_d44341